00488pab a2200169 454500008004000000100001900040245004100059260000900100300001300109362000800122650002200130650001500152773001600167909001100183999001900194952010500213180718b2015 xxu||||| |||| 00| 0 eng d aTripathy, K.K. aWhat it offers for rural employment? c2015 ap.17-20. aApr aRural development aEmployment aKurukshetra a111350 c111345d111345 00104070aIIPAbIIPAd2018-07-19hVolume no: 63, Issue no: 6pAR111810r2018-07-19w2018-07-19yAR